[Event "WYCC Girls 10"]
[Site "Porto Carras"]
[Date "2015.10.31"]
[Round "6.6"]
[White "Nguyen, Ngan Ha"]
[Black "Kirchei, Viktoriia"]
[Result "0-1"]
[BlackElo "1663"]
[WhiteElo "1459"]
[LiveChessVersion "1.4.6"]

1. e4 {[%clk 1:30:55]} Nf6 {[%clk 1:30:53]} 2. e5 {[%clk 1:31:03]} Nd5
{[%clk 1:29:25]} 3. d4 {[%clk 1:30:11]} d6 {[%clk 1:29:50]} 4. c4
{[%clk 1:29:01]} Nb6 {[%clk 1:30:15]} 5. Nf3 {[%clk 1:28:17]} g6 {[%clk 1:30:26]}
6. exd6 {[%clk 1:27:11]} cxd6 {[%clk 1:30:47]} 7. Nc3 {[%clk 1:25:47]} Bg7
{[%clk 1:31:04]} 8. Be3 {[%clk 1:18:47]} Bf5 {[%clk 1:29:43]} 9. Be2
{[%clk 1:17:48]} O-O {[%clk 1:29:14]} 10. O-O {[%clk 1:17:03]} d5
{[%clk 1:26:06]} 11. c5 {[%clk 1:12:28]} Nc4 {[%clk 1:26:00]} 12. Bc1
{[%clk 1:10:02]} a6 {[%clk 1:20:10]} 13. b3 {[%clk 1:08:40]} Na5 {[%clk 1:14:38]}
14. Be3 {[%clk 0:58:30]} Nbc6 {[%clk 0:59:03]} 15. Qd2 {[%clk 0:56:23]} Nb4
{[%clk 0:56:33]} 16. Bh6 {[%clk 0:51:37]} Rc8 {[%clk 0:45:22]} 17. Bxg7
{[%clk 0:49:27]} Kxg7 {[%clk 0:45:41]} 18. Na4 {[%clk 0:44:14]} Nbc6
{[%clk 0:42:43]} 19. Nb6 {[%clk 0:41:00]} Rc7 {[%clk 0:42:20]} 20. b4
{[%clk 0:39:16]} Nc4 {[%clk 0:42:38]} 21. Nxc4 {[%clk 0:39:00]} dxc4
{[%clk 0:42:57]} 22. Bxc4 {[%clk 0:38:38]} e6 {[%clk 0:40:30]} 23. Rfd1
{[%clk 0:36:37]} Rd7 {[%clk 0:38:55]} 24. Qb2 {[%clk 0:34:54]} Qf6
{[%clk 0:37:23]} 25. Rd2 {[%clk 0:27:53]} Rfd8 {[%clk 0:36:25]} 26. Rad1
{[%clk 0:25:27]} Bg4 {[%clk 0:34:49]} 27. Ne5 {[%clk 0:14:51]} Bxd1
{[%clk 0:31:35]} 28. Nxd7 {[%clk 0:15:05]} Rxd7 {[%clk 0:31:34]} 29. Rxd1
{[%clk 0:15:08]} Rxd4 {[%clk 0:28:57]} 30. Rxd4 {[%clk 0:14:23]} Qxd4
{[%clk 0:28:14]} 31. Qxd4+ {[%clk 0:14:29]} Nxd4 {[%clk 0:28:40]} 32. Bd3
{[%clk 0:13:32]} f5 {[%clk 0:28:11]} 33. Kf1 {[%clk 0:12:25]} Kf6
{[%clk 0:25:22]} 34. a4 {[%clk 0:11:43]} Ke5 {[%clk 0:20:21]} 35. Ke1
{[%clk 0:10:06]} Nc6 {[%clk 0:17:57]} 36. b5 {[%clk 0:09:38]} axb5
{[%clk 0:17:37]} 37. axb5 {[%clk 0:08:15]} Na5 {[%clk 0:16:53]} 38. c6
{[%clk 0:06:18]} bxc6 {[%clk 0:17:00]} 39. bxc6 {[%clk 0:06:13]} Nxc6
{[%clk 0:16:55]} 40. Kd2 {[%clk 0:35:18]} Kd4 {[%clk 0:46:58]} 41. Bb5
{[%clk 0:34:01]} Nb4 {[%clk 0:46:11]} 42. Ba4 {[%clk 0:33:32]} e5
{[%clk 0:46:11]} 43. Bb3 {[%clk 0:33:16]} Nd5 {[%clk 0:42:58]} 44. Bd1
{[%clk 0:28:14]} e4 {[%clk 0:42:59]} 45. Be2 {[%clk 0:28:00]} Nc3
{[%clk 0:42:17]} 46. Ba6 {[%clk 0:24:44]} f4 {[%clk 0:41:50]} 47. Bf1
{[%clk 0:24:06]} Nd5 {[%clk 0:41:41]} 48. Ba6 {[%clk 0:23:47]} Nb4
{[%clk 0:36:39]} 49. Bf1 {[%clk 0:23:25]} Nc6 {[%clk 0:35:10]} 50. Ba6
{[%clk 0:22:17]} Ne5 {[%clk 0:35:32]} 51. Ke2 {[%clk 0:20:59]} Nc4
{[%clk 0:34:24]} 52. Bb7 {[%clk 0:19:42]} Ne5 {[%clk 0:31:41]} 53. Ba6
{[%clk 0:19:38]} g5 {[%clk 0:31:35]} 54. h3 {[%clk 0:19:25]} h5 {[%clk 0:31:09]}
55. f3 {[%clk 0:16:26]} e3 {[%clk 0:30:55]} 56. Bc8 {[%clk 0:16:26]} Nd3
{[%clk 0:30:14]} 57. Ba6 {[%clk 0:15:22]} Nc1+ {[%clk 0:29:08]} 58. Kd1
{[%clk 0:15:16]} Na2 {[%clk 0:29:28]} 59. Ke1 {[%clk 0:13:32]} Nb4
{[%clk 0:29:40]} 60. Be2 {[%clk 0:13:04]} Nd3+ {[%clk 0:29:42]} 61. Kd1
{[%clk 0:13:01]} Kc3 {[%clk 0:29:30]} 62. Bf1 {[%clk 0:11:00]} Ne5
{[%clk 0:29:11]} 63. Be2 {[%clk 0:11:12]} Nc6 {[%clk 0:28:23]} 64. Ba6
{[%clk 0:10:31]} Nd4 {[%clk 0:28:25]} 65. Bf1 {[%clk 0:09:47]} Kb2
{[%clk 0:27:02]} 66. Ba6 {[%clk 0:09:13]} Kc3 {[%clk 0:25:23]} 67. Bf1
{[%clk 0:09:32]} Kb4 {[%clk 0:25:13]} 68. Ba6 {[%clk 0:09:35]} Nb5
{[%clk 0:25:22]} 69. Ke1 {[%clk 0:08:50]} Ka5 {[%clk 0:25:08]} 70. Bc8
{[%clk 0:08:14]} Nd4 {[%clk 0:24:38]} 71. Bb7 {[%clk 0:08:13]} Nf5
{[%clk 0:24:43]} 72. Be4 {[%clk 0:08:10]} Nh4 {[%clk 0:24:22]} 73. Kf1
{[%clk 0:08:11]} Kb4 {[%clk 0:24:32]} 74. Bd3 {[%clk 0:08:00]} Kc3
{[%clk 0:24:31]} 75. Ba6 {[%clk 0:07:44]} Kd2 {[%clk 0:24:55]} 76. Bb5
{[%clk 0:07:48]} Nxg2 {[%clk 0:25:00]} 77. Kxg2 {[%clk 0:07:25]} e2
{[%clk 0:25:22]} 78. Bxe2 {[%clk 0:07:15]} Kxe2 0-1

[Event "WYCC Girls 10"]
[Site "Porto Carras"]
[Date "2015.10.31"]
[Round "6.7"]
[White "Sivarajasingam, Venetia"]
[Black "Lomaia, Diana"]
[Result "0-1"]
[BlackElo "1498"]
[WhiteElo "1644"]
[LiveChessVersion "1.4.6"]

1. e4 {[%clk 1:30:57]} c5 {[%clk 1:30:49]} 2. Nf3 {[%clk 1:31:23]} Nc6
{[%clk 1:30:53]} 3. Bb5 {[%clk 1:31:29]} g6 {[%clk 1:30:32]} 4. Bxc6
{[%clk 1:30:48]} dxc6 {[%clk 1:29:07]} 5. h3 {[%clk 1:30:34]} Bg7
{[%clk 1:29:02]} 6. O-O {[%clk 1:30:14]} Nf6 {[%clk 1:28:21]} 7. d3
{[%clk 1:29:40]} O-O {[%clk 1:28:14]} 8. Nc3 {[%clk 1:28:05]} Ne8
{[%clk 1:19:36]} 9. Be3 {[%clk 1:24:56]} b6 {[%clk 1:11:02]} 10. Qd2
{[%clk 1:24:41]} e5 {[%clk 1:06:39]} 11. Bh6 {[%clk 1:21:21]} Qd6
{[%clk 0:58:56]} 12. Bxg7 {[%clk 1:19:47]} Kxg7 {[%clk 0:57:59]} 13. Qg5
{[%clk 1:19:25]} f6 {[%clk 0:56:51]} 14. Qg3 {[%clk 1:18:07]} Nc7
{[%clk 0:54:02]} 15. Nh4 {[%clk 1:17:35]} Be6 {[%clk 0:47:02]} 16. Rad1
{[%clk 1:11:58]} Rad8 {[%clk 0:44:51]} 17. Nf3 {[%clk 1:07:55]} Qe7
{[%clk 0:40:39]} 18. Nh2 {[%clk 1:06:01]} Bc8 {[%clk 0:35:55]} 19. f4
{[%clk 1:05:02]} exf4 {[%clk 0:31:36]} 20. Rxf4 {[%clk 0:59:25]} Ne6
{[%clk 0:30:21]} 21. Rf2 {[%clk 0:59:32]} Nd4 {[%clk 0:29:11]} 22. Rdf1
{[%clk 0:59:12]} Qe5 {[%clk 0:26:58]} 23. Qe3 {[%clk 0:54:21]} Rde8
{[%clk 0:21:57]} 24. Qd2 {[%clk 0:48:51]} Qg3 {[%clk 0:18:07]} 25. Nd1
{[%clk 0:41:24]} Rd8 {[%clk 0:09:35]} 26. c3 {[%clk 0:40:54]} Nb5
{[%clk 0:08:37]} 27. Rf3 {[%clk 0:40:19]} Qe5 {[%clk 0:08:36]} 28. Ne3
{[%clk 0:39:26]} Qg5 {[%clk 0:03:18]} 29. Qe2 {[%clk 0:38:35]} Nc7
{[%clk 0:02:06]} 30. Nhg4 {[%clk 0:37:46]} Bxg4 {[%clk 0:02:22]} 31. Nxg4
{[%clk 0:38:03]} Ne8 {[%clk 0:01:56]} 32. Qf2 {[%clk 0:37:11]} h5
{[%clk 0:01:32]} 33. h4 {[%clk 0:37:20]} Qxg4 {[%clk 0:01:46]} 34. Rg3
{[%clk 0:36:26]} Qe6 {[%clk 0:01:44]} 35. Qf3 {[%clk 0:35:53]} Kh7
{[%clk 0:01:48]} 36. Qf4 {[%clk 0:35:30]} Nd6 {[%clk 0:01:44]} 37. Rgf3
{[%clk 0:33:25]} Kg7 {[%clk 0:01:38]} 38. a3 {[%clk 0:32:10]} Qe5
{[%clk 0:01:30]} 39. Qe3 {[%clk 0:32:30]} Rde8 {[%clk 0:01:36]} 40. Rg3
{[%clk 1:02:05]} a6 {[%clk 0:31:24]} 41. Rf4 {[%clk 1:00:28]} Kh7
{[%clk 0:29:59]} 42. Rf1 {[%clk 0:57:42]} Nf5 {[%clk 0:26:24]} 43. Rxf5
{[%clk 0:55:39]} gxf5 {[%clk 0:25:04]} 44. Qf3 {[%clk 0:55:33]} f4
{[%clk 0:24:01]} 45. Rh3 {[%clk 0:55:41]} Rg8 {[%clk 0:23:57]} 46. Kh1
{[%clk 0:55:48]} Rg3 {[%clk 0:19:03]} 47. Rxg3 {[%clk 0:56:06]} fxg3
{[%clk 0:19:28]} 48. d4 {[%clk 0:56:17]} cxd4 {[%clk 0:19:28]} 49. cxd4
{[%clk 0:56:37]} Qxe4 {[%clk 0:18:48]} 50. Qxg3 {[%clk 0:55:11]} Qe1+
{[%clk 0:19:01]} 51. Kh2 {[%clk 0:55:13]} Qxg3+ {[%clk 0:19:16]} 52. Kxg3
{[%clk 0:55:35]} Re4 {[%clk 0:19:37]} 0-1

[Event "WYCC Girls 10"]
[Site "Porto Carras"]
[Date "2015.10.31"]
[Round "6.8"]
[White "Allahverdiyeva, Ayan"]
[Black "Nguyen, Anh Nhu"]
[Result "1-0"]
[BlackElo "1462"]
[WhiteElo "1657"]
[LiveChessVersion "1.4.6"]

1. e4 {[%clk 1:30:55]} c5 {[%clk 1:30:55]} 2. c3 {[%clk 1:31:16]} d5
{[%clk 1:31:20]} 3. exd5 {[%clk 1:31:35]} Qxd5 {[%clk 1:31:36]} 4. d4
{[%clk 1:31:58]} Nc6 {[%clk 1:30:37]} 5. Nf3 {[%clk 1:32:17]} Bf5
{[%clk 1:30:33]} 6. Be3 {[%clk 1:29:32]} Bxb1 {[%clk 1:25:55]} 7. Rxb1
{[%clk 1:26:06]} e6 {[%clk 1:23:47]} 8. dxc5 {[%clk 1:25:13]} Qxd1+
{[%clk 1:23:09]} 9. Rxd1 {[%clk 1:25:36]} Nf6 {[%clk 1:21:24]} 10. Bb5
{[%clk 1:24:02]} Nd5 {[%clk 1:16:20]} 11. Bd4 {[%clk 1:21:13]} f6
{[%clk 1:10:44]} 12. O-O {[%clk 1:19:27]} e5 {[%clk 1:07:24]} 13. Bxe5
{[%clk 1:19:16]} a6 {[%clk 1:01:46]} 14. Bxc6+ {[%clk 1:16:30]} bxc6
{[%clk 1:02:00]} 15. Bd4 {[%clk 1:16:39]} Nf4 {[%clk 0:52:19]} 16. Be3
{[%clk 1:08:19]} Ne6 {[%clk 0:51:43]} 17. Nd4 {[%clk 1:02:31]} Nxc5
{[%clk 0:48:02]} 18. Nxc6 {[%clk 1:02:33]} Na4 {[%clk 0:40:57]} 19. Rd4
{[%clk 0:54:30]} Nc5 {[%clk 0:34:15]} 20. Rfd1 {[%clk 0:53:27]} Be7
{[%clk 0:30:59]} 21. Rd5 {[%clk 0:49:52]} Na4 {[%clk 0:27:08]} 22. Rd7
{[%clk 0:50:05]} Bf8 {[%clk 0:25:17]} 23. Rd8+ {[%clk 0:34:43]} Rxd8
{[%clk 0:25:34]} 24. Rxd8+ {[%clk 0:35:04]} Kf7 {[%clk 0:25:51]} 25. Rb8
{[%clk 0:35:24]} Rg8 {[%clk 0:25:03]} 26. Bd4 {[%clk 0:07:42]} Bc5
{[%clk 0:25:03]} 27. Rxg8 {[%clk 0:07:42]} Kxg8 {[%clk 0:25:03]} 28. Bxc5
{[%clk 0:07:42]} Nxc5 {[%clk 0:25:03]} 29. b4 {[%clk 0:07:42]} Na4
{[%clk 0:25:03]} 30. c4 {[%clk 0:07:42]} Nb2 {[%clk 0:25:03]} 31. Na5
{[%clk 0:07:42]} Kf7 {[%clk 0:25:03]} 32. Kf1 {[%clk 0:07:42]} Ke6
{[%clk 0:25:03]} 33. Ke2 {[%clk 0:07:42]} Ke5 {[%clk 0:25:03]} 34. c5
{[%clk 0:07:42]} Na4 {[%clk 0:25:03]} 35. Kd3 {[%clk 0:07:42]} Nb2+
{[%clk 0:25:03]} 36. Kc2 {[%clk 0:07:42]} 1-0

[Event "WYCC Girls 10"]
[Site "Porto Carras"]
[Date "2015.10.31"]
[Round "6.9"]
[White "Matus, Nastassja A"]
[Black "Ke, Rianne"]
[Result "1-0"]
[BlackElo "1392"]
[WhiteElo "1761"]
[LiveChessVersion "1.4.6"]

1. d4 {[%clk 1:30:59]} Nf6 {[%clk 1:30:49]} 2. c4 {[%clk 1:31:22]} g6
{[%clk 1:31:07]} 3. g3 {[%clk 1:31:43]} c6 {[%clk 1:30:37]} 4. Bg2
{[%clk 1:31:16]} d5 {[%clk 1:29:30]} 5. b3 {[%clk 1:30:15]} Bg7 {[%clk 1:28:09]}
6. Nf3 {[%clk 1:28:37]} O-O {[%clk 1:26:41]} 7. O-O {[%clk 1:28:00]} Nbd7
{[%clk 1:20:42]} 8. Bb2 {[%clk 1:26:02]} b6 {[%clk 1:16:40]} 9. Nbd2
{[%clk 1:21:53]} Bb7 {[%clk 1:14:20]} 10. Qc2 {[%clk 1:12:59]} Rc8
{[%clk 1:10:00]} 11. e4 {[%clk 1:11:29]} dxe4 {[%clk 0:57:51]} 12. Nxe4
{[%clk 1:10:51]} Qc7 {[%clk 0:51:29]} 13. Nxf6+ {[%clk 1:05:04]} Nxf6
{[%clk 0:49:08]} 14. Rfe1 {[%clk 0:59:38]} e6 {[%clk 0:43:21]} 15. Ba3
{[%clk 0:54:33]} Rfd8 {[%clk 0:38:50]} 16. Rad1 {[%clk 0:50:43]} b5
{[%clk 0:33:27]} 17. Bc5 {[%clk 0:33:00]} a5 {[%clk 0:27:18]} 18. Rc1
{[%clk 0:26:55]} Bh6 {[%clk 0:19:58]} 19. Rb1 {[%clk 0:26:04]} Bf8
{[%clk 0:16:13]} 20. Bxf8 Kxf8 {[%clk 0:16:15]} 21. Qb2 {[%clk 0:18:08]} Kg7
{[%clk 0:14:16]} 22. c5 {[%clk 0:15:54]} Nd5 {[%clk 0:11:06]} 23. Nd2
{[%clk 0:13:00]} Nf6 {[%clk 0:09:28]} 24. a3 {[%clk 0:12:25]} Qd7
{[%clk 0:08:49]} 25. Nf3 {[%clk 0:12:40]} h6 {[%clk 0:06:21]} 26. b4
{[%clk 0:11:16]} a4 {[%clk 0:06:13]} 27. Rbd1 Qe7 {[%clk 0:04:37]} 28. h4
{[%clk 0:07:33]} Nd5 {[%clk 0:03:43]} 29. Rd3 {[%clk 0:05:17]} g5
{[%clk 0:01:35]} 30. hxg5 {[%clk 0:04:03]} hxg5 {[%clk 0:01:46]} 31. Qd2
{[%clk 0:03:41]} f6 {[%clk 0:01:22]} 32. Bh3 {[%clk 0:03:33]} Nc7
{[%clk 0:01:14]} 33. Qa2 {[%clk 0:02:50]} Rd5 {[%clk 0:01:05]} 34. Bg2
{[%clk 0:02:30]} Qf7 {[%clk 0:00:53]} 35. Nd2 {[%clk 0:02:29]} Rd7
{[%clk 0:01:05]} 36. Ne4 {[%clk 0:02:19]} Ne8 {[%clk 0:00:56]} 37. Bh3
{[%clk 0:02:17]} Re7 {[%clk 0:00:49]} 38. Nd6 {[%clk 0:01:28]} Qg6
{[%clk 0:00:55]} 39. Nxc8 {[%clk 0:01:44]} Bxc8 {[%clk 0:01:13]} 40. Rde3
{[%clk 0:31:50]} f5 {[%clk 0:31:02]} 41. Bg2 Bd7 {[%clk 0:26:29]} 42. Bxc6
{[%clk 0:21:03]} Bxc6 {[%clk 0:25:43]} 43. Rxe6 {[%clk 0:21:04]} Rxe6
{[%clk 0:25:43]} 44. Qxe6 {[%clk 0:21:10]} Qf6 {[%clk 0:21:07]} 45. d5
{[%clk 0:19:39]} Qxe6 {[%clk 0:20:25]} 46. Rxe6 {[%clk 0:20:03]} Bxd5
{[%clk 0:19:52]} 47. Rxe8 {[%clk 0:20:28]} Kf6 {[%clk 0:19:03]} 48. Rb8
{[%clk 0:20:35]} Bc4 {[%clk 0:18:34]} 49. c6 {[%clk 0:20:49]} Ke7
{[%clk 0:15:45]} 50. c7 {[%clk 0:21:12]} Be6 {[%clk 0:15:30]} 51. c8=Q
{[%clk 0:21:27]} Bxc8 {[%clk 0:15:54]} 52. Rxc8 {[%clk 0:21:48]} f4
{[%clk 0:15:46]} 53. gxf4 {[%clk 0:22:08]} gxf4 {[%clk 0:15:58]} 54. Rc5
{[%clk 0:22:26]} f3 {[%clk 0:16:06]} 55. Rxb5 {[%clk 0:22:49]} Kd6
{[%clk 0:16:23]} 56. Rc5 {[%clk 0:23:10]} Kd7 {[%clk 0:16:44]} 57. b5
{[%clk 0:23:33]} Kd6 {[%clk 0:17:00]} 58. Rc1 {[%clk 0:23:55]} Kd7
{[%clk 0:17:25]} 59. b6 {[%clk 0:24:14]} Kd6 {[%clk 0:17:45]} 60. b7
{[%clk 0:24:37]} Kd5 {[%clk 0:18:05]} 61. b8=Q {[%clk 0:24:51]} Kd4
{[%clk 0:18:22]} 62. Re1 {[%clk 0:24:51]} Kd5 {[%clk 0:18:35]} 63. Qd8+
{[%clk 0:25:02]} Kc4 {[%clk 0:18:53]} 64. Qc7+ {[%clk 0:24:59]} Kd4
{[%clk 0:19:06]} 65. Qd6+ {[%clk 0:25:10]} Kc3 {[%clk 0:19:25]} 66. Rc1+
{[%clk 0:25:20]} Kb3 {[%clk 0:19:46]} 67. Qb4+ {[%clk 0:25:29]} Ka2
{[%clk 0:20:06]} 68. Qb1+ {[%clk 0:25:45]} Kxa3 {[%clk 0:20:28]} 69. Rc3#
{[%clk 0:25:57]} 1-0

[Event "WYCC Girls 10"]
[Site "Porto Carras"]
[Date "2015.10.31"]
[Round "6.10"]
[White "Ezizova, Bagul"]
[Black "Kairbekova, Amina"]
[Result "1/2-1/2"]
[BlackElo "1655"]
[WhiteElo "1528"]
[LiveChessVersion "1.4.6"]

1. e4 {[%clk 1:30:36]} c5 {[%clk 1:30:21]} 2. Nf3 {[%clk 1:30:11]} Nc6
{[%clk 1:29:46]} 3. d4 {[%clk 1:29:26]} cxd4 {[%clk 1:29:26]} 4. Nxd4
{[%clk 1:29:21]} g6 {[%clk 1:28:06]} 5. Nc3 {[%clk 1:29:05]} Bg7 {[%clk 1:27:30]}
6. Nb3 {[%clk 1:26:16]} Nf6 {[%clk 1:26:41]} 7. Be2 {[%clk 1:24:34]} O-O
{[%clk 1:25:53]} 8. O-O {[%clk 1:24:15]} a5 {[%clk 1:24:53]} 9. a4
{[%clk 1:22:38]} d6 {[%clk 1:17:53]} 10. Be3 {[%clk 1:19:16]} Nb4
{[%clk 1:15:07]} 11. f4 {[%clk 1:15:53]} b6 {[%clk 1:09:06]} 12. Bf3
{[%clk 1:08:54]} Bb7 {[%clk 1:05:51]} 13. Qd2 {[%clk 1:05:00]} Rc8
{[%clk 1:03:09]} 14. Qf2 {[%clk 1:00:32]} Nd7 {[%clk 0:58:28]} 15. Bg4
{[%clk 0:55:56]} Rc4 {[%clk 0:48:02]} 16. Bxd7 {[%clk 0:54:12]} Qxd7
{[%clk 0:47:13]} 17. Bxb6 {[%clk 0:53:18]} Bxc3 {[%clk 0:45:53]} 18. bxc3
{[%clk 0:52:55]} Rxc3 {[%clk 0:43:20]} 19. Bxa5 {[%clk 0:51:12]} Rc4
{[%clk 0:40:47]} 20. Nd2 {[%clk 0:49:58]} Nxc2 {[%clk 0:33:07]} 21. Nxc4
{[%clk 0:49:42]} Nxa1 {[%clk 0:33:26]} 22. Rxa1 {[%clk 0:50:01]} Bxe4
{[%clk 0:32:36]} 23. Bc3 {[%clk 0:49:46]} f6 {[%clk 0:31:07]} 24. a5
{[%clk 0:48:48]} Qc6 {[%clk 0:26:48]} 25. Qe2 {[%clk 0:43:55]} d5
{[%clk 0:26:00]} 26. Re1 {[%clk 0:42:22]} f5 {[%clk 0:23:41]} 27. a6
{[%clk 0:39:01]} dxc4 {[%clk 0:22:33]} 28. Ra1 Qd5 {[%clk 0:22:33]} 29. Qb2 Ra8
{[%clk 0:22:33]} 30. a7 Qf7 {[%clk 0:22:33]} 31. Qb8+ Qf8 {[%clk 0:22:33]} 32.
Qe5 Kf7 {[%clk 0:22:33]} 33. Bb4 Qe8 {[%clk 0:22:33]} 34. Bc3 Qf8
{[%clk 0:22:33]} 35. Ra6 Qd8 {[%clk 0:22:33]} 36. Qg7+ Ke8 {[%clk 0:22:33]} 37.
Qg8+ Kd7 {[%clk 0:22:33]} 38. Qxc4 Ke8 {[%clk 0:22:33]} 39. Qg8+ Kd7
{[%clk 0:22:33]} 40. Qf7 Qc8 {[%clk 0:22:33]} 41. Qe6+ Ke8 {[%clk 0:22:33]} 42.
Qg8+ Kd7 {[%clk 0:22:33]} 43. Qe6+ Ke8 {[%clk 0:22:33]} 44. Qg8+ Kd7
{[%clk 0:22:33]} 45. Qe6+ Ke8 {[%clk 0:22:33]} 1/2-1/2

[Event "WYCC Girls 10"]
[Site "Porto Carras"]
[Date "2015.10.31"]
[Round "6.11"]
[White "Miyasaka, Julia K"]
[Black "Cai, Boheng"]
[Result "1/2-1/2"]
[BlackElo "1594"]
[WhiteElo "1512"]
[LiveChessVersion "1.4.6"]

1. e4 {[%clk 1:30:59]} c6 {[%clk 1:30:56]} 2. d4 {[%clk 1:31:28]} d5
{[%clk 1:31:20]} 3. Nc3 {[%clk 1:31:55]} dxe4 {[%clk 1:31:43]} 4. Nxe4
{[%clk 1:32:21]} Bf5 {[%clk 1:32:06]} 5. Ng3 {[%clk 1:32:47]} Bg6
{[%clk 1:32:30]} 6. h4 {[%clk 1:33:15]} h6 {[%clk 1:32:52]} 7. h5
{[%clk 1:33:43]} Bh7 {[%clk 1:33:15]} 8. Nf3 {[%clk 1:34:10]} Nd7
{[%clk 1:33:35]} 9. Bd3 {[%clk 1:34:37]} Bxd3 {[%clk 1:33:57]} 10. Qxd3
{[%clk 1:35:04]} e6 {[%clk 1:34:03]} 11. Bd2 {[%clk 1:35:30]} Ngf6
{[%clk 1:33:47]} 12. O-O-O {[%clk 1:35:55]} Bd6 {[%clk 1:33:59]} 13. Ne4
{[%clk 1:36:17]} Nxe4 {[%clk 1:34:19]} 14. Qxe4 {[%clk 1:36:44]} Nf6
{[%clk 1:34:40]} 15. Qe2 {[%clk 1:37:12]} Bc7 {[%clk 1:35:01]} 16. c4
{[%clk 1:37:36]} Qe7 {[%clk 1:34:51]} 17. Kb1 {[%clk 1:37:40]} O-O-O
{[%clk 1:34:42]} 18. Bc3 {[%clk 1:38:05]} Kb8 {[%clk 1:34:36]} 19. Ne5
{[%clk 1:37:38]} Nd7 {[%clk 1:34:20]} 20. Nd3 {[%clk 1:37:53]} Rhe8
{[%clk 1:33:08]} 21. f4 {[%clk 1:34:44]} Bb6 {[%clk 1:28:03]} 22. g4
{[%clk 1:30:47]} f6 {[%clk 1:22:31]} 23. Rde1 {[%clk 1:21:20]} Qf7
{[%clk 1:20:33]} 24. b3 {[%clk 1:17:32]} c5 {[%clk 1:18:23]} 25. dxc5
{[%clk 1:12:25]} Nxc5 {[%clk 1:17:46]} 26. Nxc5 {[%clk 1:12:27]} Bxc5
{[%clk 1:18:10]} 27. Rd1 {[%clk 1:10:18]} Qc7 {[%clk 1:15:06]} 28. Rxd8+
{[%clk 1:08:46]} Rxd8 {[%clk 1:14:01]} 29. Rd1 {[%clk 1:02:46]} Rd6
{[%clk 1:00:40]} 30. Rxd6 {[%clk 1:01:27]} Qxd6 {[%clk 1:01:02]} 31. Qd2
{[%clk 1:01:16]} Kc7 {[%clk 0:55:11]} 32. Kc2 {[%clk 1:01:01]} Qxd2+
{[%clk 0:47:30]} 33. Kxd2 {[%clk 1:01:14]} Kc6 {[%clk 0:45:24]} 34. Kd3
{[%clk 1:01:06]} b6 {[%clk 0:43:18]} 35. b4 {[%clk 0:59:46]} Be7 {[%clk 0:42:59]}
36. Ke4 {[%clk 0:58:12]} a6 {[%clk 0:40:27]} 37. a3 {[%clk 0:57:20]} Bf8
{[%clk 0:35:43]} 38. Bd2 {[%clk 0:57:04]} Be7 {[%clk 0:30:37]} 39. Be3
{[%clk 0:55:55]} Bd8 {[%clk 0:26:09]} 40. Kf3 {[%clk 1:25:15]} b5
{[%clk 0:51:40]} 41. c5 {[%clk 1:25:17]} Kd5 {[%clk 0:50:09]} 42. Bc1
{[%clk 1:25:27]} e5 43. fxe5 {[%clk 1:25:27]} fxe5 44. Bb2 {[%clk 1:25:27]} Bf6
45. Ke3 {[%clk 1:25:27]} Bg5+ 46. Kd3 {[%clk 1:25:27]} 1/2-1/2

[Event "WYCC Girls 10"]
[Site "Porto Carras"]
[Date "2015.11.01"]
[Round "7.1"]
[White "Divya, Deshmukh"]
[Black "Mungunzul, Bat-Erdene"]
[Result "0-1"]
[BlackElo "1731"]
[WhiteElo "1772"]
[LiveChessVersion "1.4.6"]

1. e4 {[%clk 1:30:53]} e5 {[%clk 1:30:45]} 2. Nc3 {[%clk 1:31:17]} Nf6
{[%clk 1:30:35]} 3. Bc4 {[%clk 1:31:39]} Nc6 {[%clk 1:30:36]} 4. d3
{[%clk 1:32:01]} Bc5 {[%clk 1:29:57]} 5. f4 {[%clk 1:32:24]} exf4
{[%clk 1:30:00]} 6. Bxf4 {[%clk 1:32:45]} d6 {[%clk 1:27:41]} 7. Qd2
{[%clk 1:32:36]} Ng4 {[%clk 1:25:37]} 8. Nh3 {[%clk 1:32:56]} h6 {[%clk 1:16:43]}
9. Rf1 {[%clk 1:28:36]} Be6 {[%clk 1:15:07]} 10. Bxe6 {[%clk 1:28:24]} fxe6
{[%clk 1:14:22]} 11. Qe2 {[%clk 1:27:43]} h5 {[%clk 1:11:49]} 12. Bg5
{[%clk 1:25:28]} Qd7 {[%clk 1:10:39]} 13. Rh1 {[%clk 1:20:09]} Nd4
{[%clk 1:04:47]} 14. Qd2 {[%clk 1:18:38]} e5 {[%clk 1:04:02]} 15. Ne2
{[%clk 1:17:13]} Ne6 {[%clk 1:02:13]} 16. Ng3 {[%clk 1:15:09]} Qb5
{[%clk 0:47:13]} 17. Rb1 {[%clk 1:12:40]} Qa4 {[%clk 0:44:39]} 18. a3
{[%clk 1:08:24]} Nxg5 {[%clk 0:41:33]} 19. b3 {[%clk 1:06:06]} Qxa3
{[%clk 0:35:18]} 20. Qxg5 {[%clk 1:06:08]} Qa2 {[%clk 0:35:13]} 21. Qc1
{[%clk 0:56:50]} Ne3 {[%clk 0:29:53]} 22. Rb2 {[%clk 0:55:28]} Qa3
{[%clk 0:29:57]} 23. c3 {[%clk 0:54:33]} Nxg2+ {[%clk 0:26:48]} 24. Ke2
{[%clk 0:54:56]} O-O-O {[%clk 0:25:32]} 25. Qb1 {[%clk 0:52:48]} Qa6
{[%clk 0:25:13]} 26. b4 {[%clk 0:52:51]} Bb6 {[%clk 0:25:17]} 27. Nf5
{[%clk 0:52:32]} Qb5 {[%clk 0:22:27]} 28. Qf1 {[%clk 0:50:10]} Nf4+
{[%clk 0:18:37]} 29. Nxf4 {[%clk 0:50:28]} exf4 {[%clk 0:18:54]} 30. Qxf4
{[%clk 0:50:49]} Rhf8 {[%clk 0:18:08]} 31. Qg5 {[%clk 0:49:40]} Qe5
{[%clk 0:17:34]} 32. Kd2 {[%clk 0:49:27]} Rde8 {[%clk 0:16:12]} 33. h4
{[%clk 0:44:16]} g6 {[%clk 0:14:18]} 34. Qxg6 {[%clk 0:43:06]} Rg8
{[%clk 0:14:32]} 35. Qxh5 {[%clk 0:39:54]} Rg2+ {[%clk 0:14:48]} 36. Kc1
{[%clk 0:40:16]} Qxc3+ {[%clk 0:14:39]} 37. Kd1 {[%clk 0:40:43]} Qxd3+
{[%clk 0:14:40]} 38. Kc1 {[%clk 0:41:08]} Be3+ {[%clk 0:13:14]} 39. Nxe3
{[%clk 0:40:37]} Qxe3+ {[%clk 0:13:37]} 40. Kb1 {[%clk 1:10:55]} Qxe4+
{[%clk 0:43:38]} 41. Ka1 {[%clk 1:10:20]} Rxb2 {[%clk 0:41:42]} 42. Kxb2
{[%clk 1:10:41]} Qxb4+ {[%clk 0:41:51]} 43. Ka2 {[%clk 1:10:53]} Qc4+
{[%clk 0:41:42]} 44. Ka1 {[%clk 1:10:52]} Re2 {[%clk 0:41:27]} 45. Qf5+
{[%clk 1:10:48]} Kd8 {[%clk 0:41:03]} 46. Qf8+ {[%clk 1:11:05]} Kd7
{[%clk 0:41:18]} 47. Qf5+ {[%clk 1:11:21]} Kc6 {[%clk 0:37:35]} 48. Qf3+
{[%clk 1:11:42]} Kc5 {[%clk 0:37:11]} 49. Qa3+ {[%clk 1:10:22]} Kd5
{[%clk 0:36:38]} 50. Rc1 {[%clk 1:07:30]} Qd4+ {[%clk 0:36:00]} 51. Kb1
{[%clk 1:07:50]} c5 {[%clk 0:33:32]} 52. Qb3+ {[%clk 1:07:14]} Kc6
{[%clk 0:33:45]} 53. h5 {[%clk 1:06:04]} Re3 {[%clk 0:33:37]} 54. Qb2
{[%clk 1:04:17]} Qxb2+ {[%clk 0:33:47]} 55. Kxb2 {[%clk 1:04:39]} Rh3
{[%clk 0:34:09]} 56. Ra1 {[%clk 1:04:58]} a6 {[%clk 0:34:27]} 57. Kc2
{[%clk 1:05:05]} Rxh5 {[%clk 0:34:50]} 58. Rg1 {[%clk 1:05:15]} d5
{[%clk 0:34:50]} 0-1